Die 15 Länder mit den meisten Christen - Statistiken

Allgemein
  • Dieses Quiz wurde 101 mal gespielt
  • Das Durchschnittsergebnis liegt bei 11 aus 15
Antworten auf der Karte
Die Antworten werden auf der Karte rot bzw. grün angezeigt, abhängig davon wie oft sie richtig erraten wurden.
 
Antwortstatistiken
Platz Land % Korrekt
1 USA
97%
2 Brasilien
95%
8 Deutschland
95%
12 Argentinien
91%
5 Russland
89%
3 Mexiko
87%
7 China
77%
10 Indien
75%
6 Nigeria
72%
14 Kolumbien
70%
15 Vereinigtes Königreich
67%
9 Demokratische Republik Kongo
60%
4 Philippinen
47%
11 Äthiopien
43%
13 Südkorea
21%
Keine übereinstimmenden Quizze gefunden
Verteilung der Resultate
Anzahl Personen mit jedem Resultat
Perzentil nach korrekt beantworteten Fragen
Ihre Resultats-Entwicklung
Sie haben dieses Quiz noch nicht gespielt